[Event "Stay Safe Play From Home 294"]
[Site "Emanuel Lasker Arena"]
[Date "2020.07.10"]
[Round "3"]
[White "Dukic"]
[Black "Haris kollari 13"]
[Result "1-0"]
[WhiteElo "1849"]
[BlackElo "1944"]
[Annotator "NA"]
[PlyCount "91"]
[EventDate "2020.07.10"]
[EventType "swiss (blitz)"]

1. c4 {[%emt 0:00:05]} e5 {[%emt 0:00:04]} 2. Nc3 {[%emt 0:00:02]} f5 {[%emt 0:00:01]} 3. Nf3 {[%emt 0:00:01]} d6 {[%emt 0:00:02]} 4. d4 {[%emt 0:00:02]} e4 {[%emt 0:00:02]} 5. Ng5 {[%emt 0:00:02]} h6 {[%emt 0:00:04]} 6. Nh3 {[%emt 0:00:01]} Nf6 {[%emt 0:00:01]} 7. Nf4 {[%emt 0:00:02]} g5 {[%emt 0:00:03]} 8. Ng6 {[%emt 0:00:02]} Rg8 {[%emt 0:00:02]} 9. Nxf8 {[%emt 0:00:02]} Rxf8 {[%emt 0:00:01]} 10. h4 {[%emt 0:00:01]} Ng8 {[%emt 0:00:14]} 11. hxg5 {[%emt 0:00:08]} hxg5 {[%emt 0:00:01]} 12. Rh5 {[%emt 0:01:00]} g4 {[%emt 0:00:02]} 13. Bg5 {[%emt 0:00:07]} Qd7 {[%emt 0:00:01]} 14. e3 {[%emt 0:00:11]} c6 {[%emt 0:00:11]} 15. Qb3 {[%emt 0:00:14]} Qe6 {[%emt 0:00:10]} 16. Bf4 {[%emt 0:00:20]} Nd7 {[%emt 0:00:10]} 17. d5 {[%emt 0:00:15]} Qf6 {[%emt 0:00:18]} 18. dxc6 {[%emt 0:00:07]} bxc6 {[%emt 0:00:01]} 19. O-O-O {[%emt 0:00:01]} Ne5 {[%emt 0:00:06]} 20. Qa3 {[%emt 0:00:09]} c5 {[%emt 0:00:11]} 21. Nb5 {[%emt 0:00:06]} Nd3+ {[%emt 0:00:24]} 22. Bxd3 {[%emt 0:00:05]} exd3 {[%emt 0:00:02]} 23. Nc7+ {[%emt 0:00:04]} Kd7 {[%emt 0:00:05]} 24. Nxa8 {[%emt 0:00:01]} Qf7 {[%emt 0:00:03]} 25. Qxa7+ {[%emt 0:00:04]} Ke8 {[%emt 0:00:03]} 26. Qxf7+ {[%emt 0:00:05]} Rxf7 {[%emt 0:00:01]} 27. Rh8 {[%emt 0:00:01]} Kf8 {[%emt 0:00:12]} 28. Rxd3 {[%emt 0:00:05]} Kg7 {[%emt 0:00:04]} 29. Rh1 {[%emt 0:00:06]} Bb7 {[%emt 0:00:02]} 30. Nb6 {[%emt 0:00:02]} Bxg2 {[%emt 0:00:02]} 31. Rh2 {[%emt 0:00:02]} Be4 {[%emt 0:00:06]} 32. Rxd6 {[%emt 0:00:02]} Rb7 {[%emt 0:00:04]} 33. Rd7+ {[%emt 0:00:03]} Rxd7 {[%emt 0:00:01]} 34. Nxd7 {[%emt 0:00:01]} Bc6 {[%emt 0:00:05]} 35. Nxc5 {[%emt 0:00:01]} Ne7 {[%emt 0:00:03]} 36. b4 {[%emt 0:00:01]} Ng6 {[%emt 0:00:02]} 37. Bg5 {[%emt 0:00:02]} Kf7 {[%emt 0:00:02]} 38. b5 {[%emt 0:00:02]} Bf3 {[%emt 0:00:02]} 39. Rh7+ {[%emt 0:00:02]} Kg8 {[%emt 0:00:03]} 40. Rc7 {[%emt 0:00:02]} Ne5 {[%emt 0:00:01]} 41. Ne6 {[%emt 0:00:03]} Be2 {[%emt 0:00:06]} 42. Kc2 {[%emt 0:00:02]} Bxc4 {[%emt 0:00:07]} 43. Kd1 {[%emt 0:00:00]} Bxe6 {[%emt 0:00:01]} 44. b6 {[%emt 0:00:02]} Bd5 {[%emt 0:00:04]} 45. b7 {[%emt 0:00:01]} Nf3 {[%emt 0:00:03]} 46. b8=Q# {[%emt 0:00:02] (Lag: Av=0.39s, max=0.7s)} 1-0

[Event "Stay Safe Play From Home 294"]
[Site "Emanuel Lasker Arena"]
[Date "2020.07.10"]
[Round "3"]
[White "Edmatuag"]
[Black "Patzeroglu"]
[Result "0-1"]
[WhiteElo "1742"]
[BlackElo "1915"]
[PlyCount "134"]
[EventDate "2020.07.10"]
[EventType "swiss (blitz)"]

1. e4 {[%emt 0:00:01]} c5 {[%emt 0:00:01]} 2. Nf3 {[%emt 0:00:01]} Nf6 {[%emt 0:00:00]} 3. Bc4 {[%emt 0:00:08]} Nxe4 {[%emt 0:00:03]} 4. O-O {[%emt 0:00:04]} d5 {[%emt 0:00:03]} 5. Bb5+ {[%emt 0:00:05]} Bd7 {[%emt 0:01:27]} 6. Bxd7+ {[%emt 0:00:11]} Qxd7 {[%emt 0:00:01]} 7. d4 {[%emt 0:00:00]} Nc6 {[%emt 0:00:03]} 8. dxc5 {[%emt 0:00:04]} e6 {[%emt 0:00:03]} 9. Be3 {[%emt 0:00:05]} Bxc5 {[%emt 0:00:03]} 10. Bxc5 {[%emt 0:00:03]} Nxc5 {[%emt 0:00:00]} 11. c4 {[%emt 0:00:01]} O-O {[%emt 0:00:04]} 12. Nc3 {[%emt 0:00:09]} dxc4 {[%emt 0:00:03]} 13. Qe2 {[%emt 0:00:08]} Qd3 {[%emt 0:00:04]} 14. Rfd1 {[%emt 0:00:01]} Qxe2 {[%emt 0:00:03]} 15. Nxe2 {[%emt 0:00:00]} Rfd8 {[%emt 0:00:03]} 16. Rdc1 {[%emt 0:00:14]} b5 {[%emt 0:00:03]} 17. b3 {[%emt 0:00:06]} Nd3 {[%emt 0:00:02]} 18. Rc3 {[%emt 0:00:07]} Nce5 {[%emt 0:00:03]} 19. Nxe5 {[%emt 0:00:10]} Nxe5 {[%emt 0:00:02]} 20. f4 {[%emt 0:00:06]} Ng4 {[%emt 0:00:02]} 21. bxc4 {[%emt 0:00:04]} bxc4 {[%emt 0:00:05]} 22. h3 {[%emt 0:00:04]} Rd2 {[%emt 0:00:03]} 23. Kf1 {[%emt 0:00:02]} Nf6 {[%emt 0:00:13]} 24. Rxc4 {[%emt 0:00:02]} h5 {[%emt 0:00:03]} 25. Ke1 {[%emt 0:00:10]} Rad8 {[%emt 0:00:01]} 26. Rc7 {[%emt 0:00:05]} a5 {[%emt 0:00:02]} 27. Rc5 {[%emt 0:00:05]} R8d5 {[%emt 0:00:01]} 28. Rxd5 {[%emt 0:00:06]} Rxd5 {[%emt 0:00:00]} 29. Rc1 {[%emt 0:00:07]} h4 {[%emt 0:00:06]} 30. Rc8+ {[%emt 0:00:03]} Kh7 {[%emt 0:00:02]} 31. Nc3 {[%emt 0:00:01]} Rd3 {[%emt 0:00:05]} 32. Ke2 {[%emt 0:00:05]} Rd4 {[%emt 0:00:04]} 33. Ke3 {[%emt 0:00:06]} Rb4 {[%emt 0:00:04]} 34. Rc7 {[%emt 0:00:09]} Kg6 {[%emt 0:00:04]} 35. Rc5 {[%emt 0:00:05]} Rb2 {[%emt 0:00:12]} 36. Rg5+ {[%emt 0:00:08]} Kh6 {[%emt 0:00:03]} 37. a4 {[%emt 0:00:07]} Rb3 {[%emt 0:00:07]} 38. Kd4 {[%emt 0:00:06]} Rb4+ {[%emt 0:00:24]} 39. Kd3 {[%emt 0:00:02]} Rxf4 {[%emt 0:00:02]} 40. Rxa5 {[%emt 0:00:01]} Rf2 {[%emt 0:00:01]} 41. Re5 {[%emt 0:00:13]} Rxg2 {[%emt 0:00:02]} 42. Re3 {[%emt 0:00:02]} Rg3 {[%emt 0:00:01]} 43. a5 {[%emt 0:00:02]} Rg5 {[%emt 0:00:05]} 44. Ne4 {[%emt 0:00:15]} Nxe4 {[%emt 0:00:02]} 45. Rxe4 {[%emt 0:00:01]} Rxa5 {[%emt 0:00:01]} 46. Rxh4+ {[%emt 0:00:01]} Kg5 {[%emt 0:00:00]} 47. Rg4+ {[%emt 0:00:01]} Kf6 {[%emt 0:00:01]} 48. Rf4+ {[%emt 0:00:01]} Ke7 {[%emt 0:00:01]} 49. Rg4 {[%emt 0:00:01]} Ra3+ {[%emt 0:00:02]} 50. Ke2 {[%emt 0:00:05]} Rxh3 {[%emt 0:00:00]} 51. Rxg7 {[%emt 0:00:01]} e5 {[%emt 0:00:00]} 52. Rg2 {[%emt 0:00:03]} Ke6 {[%emt 0:00:01]} 53. Rf2 {[%emt 0:00:02]} f5 {[%emt 0:00:01]} 54. Rg2 {[%emt 0:00:00]} f4 {[%emt 0:00:01]} 55. Rg5 {[%emt 0:00:01]} Kd5 {[%emt 0:00:01]} 56. Rg8 {[%emt 0:00:01]} Ke4 {[%emt 0:00:01]} 57. Ra8 {[%emt 0:00:01]} Rh2+ {[%emt 0:00:01]} 58. Kf1 {[%emt 0:00:01]} Kf3 {[%emt 0:00:03]} 59. Ra3+ {[%emt 0:00:03]} Kg4 {[%emt 0:00:01]} 60. Kg1 {[%emt 0:00:01]} Re2 {[%emt 0:00:03]} 61. Ra5 {[%emt 0:00:04]} e4 {[%emt 0:00:02]} 62. Ra8 {[%emt 0:00:02]} Rb2 {[%emt 0:00:06]} 63. Ra4 {[%emt 0:00:04]} e3 {[%emt 0:00:05]} 64. Ra1 {[%emt 0:00:12]} Kg3 {[%emt 0:00:03]} 65. Kh1 {[%emt 0:00:08]} Rh2+ {[%emt 0:00:04]} 66. Kg1 {[%emt 0:00:01]} f3 {[%emt 0:00:00]} 67. Rd1 {[%emt 0:00:15]} e2 {[%emt 0:00:07] Time (Lag: Av=1.33s, max=2.3s)} 0-1

[Event "Stay Safe Play From Home 294"]
[Site "Emanuel Lasker Arena"]
[Date "2020.07.10"]
[Round "3"]
[White "Bishop91"]
[Black "Lucknow"]
[Result "0-1"]
[WhiteElo "1739"]
[BlackElo "1902"]
[Annotator "NA"]
[PlyCount "44"]
[EventDate "2020.07.10"]
[EventType "swiss (blitz)"]

1. e4 {[%emt 0:00:03]} c5 {[%emt 0:00:31]} 2. Nf3 {[%emt 0:00:04]} d6 {[%emt 0:00:01]} 3. d4 {[%emt 0:00:02]} cxd4 {[%emt 0:00:00]} 4. Nxd4 {[%emt 0:00:01]} Nf6 {[%emt 0:00:01]} 5. Bd3 {[%emt 0:00:03]} g6 {[%emt 0:00:03]} 6. c4 {[%emt 0:00:02]} Bg7 {[%emt 0:00:01]} 7. Nc3 {[%emt 0:00:02]} O-O {[%emt 0:00:00]} 8. O-O {[%emt 0:00:02]} Nc6 {[%emt 0:00:01]} 9. Be3 {[%emt 0:00:06]} Nxd4 {[%emt 0:00:02]} 10. Bxd4 {[%emt 0:00:01]} Bd7 {[%emt 0:00:00]} 11. f3 {[%emt 0:00:02]} Bc6 {[%emt 0:00:01]} 12. b4 {[%emt 0:00:05]} a6 {[%emt 0:00:02]} 13. a4 {[%emt 0:00:02]} Qc7 {[%emt 0:00:03]} 14. b5 {[%emt 0:00:08]} axb5 {[%emt 0:00:06]} 15. axb5 {[%emt 0:00:00]} Bd7 {[%emt 0:00:06]} 16. Qb3 {[%emt 0:00:12]} Be6 {[%emt 0:00:04]} 17. Nd5 {[%emt 0:00:06]} Bxd5 {[%emt 0:00:33]} 18. cxd5 {[%emt 0:00:06]} Rxa1 {[%emt 0:00:31]} 19. Rxa1 {[%emt 0:00:03]} Nxe4 {[%emt 0:00:10]} 20. Bxg7 {[%emt 0:00:09]} Qc5+ {[%emt 0:00:01]} 21. Kh1 {[%emt 0:00:24]} Nf2+ {[%emt 0:00:02]} 22. Kg1 {[%emt 0:00:01]} Nh3+ {[%emt 0:00:01] Bishop91 resigns (Lag: Av=0.36s, max=0.5s)} 0-1

[Event "Stay Safe Play From Home 294"]
[Site "Emanuel Lasker Arena"]
[Date "2020.07.10"]
[Round "3"]
[White "Maxe11"]
[Black "Klasman"]
[Result "1-0"]
[WhiteElo "1724"]
[BlackElo "1611"]
[Annotator "NA"]
[PlyCount "47"]
[EventDate "2020.07.10"]
[EventType "swiss (blitz)"]

1. d4 {[%emt 0:00:02]} f5 {[%emt 0:00:01]} 2. e4 {[%emt 0:00:02]} fxe4 {[%emt 0:00:02]} 3. Nc3 {[%emt 0:00:01]} Nf6 {[%emt 0:00:01]} 4. Bg5 {[%emt 0:00:02]} d5 {[%emt 0:00:01]} 5. Bxf6 {[%emt 0:00:02]} exf6 {[%emt 0:00:01]} 6. Qh5+ {[%emt 0:00:01]} g6 {[%emt 0:00:09]} 7. Qxd5 {[%emt 0:00:01]} Qxd5 {[%emt 0:00:06]} 8. Nxd5 {[%emt 0:00:01]} Kd8 {[%emt 0:00:21]} 9. Nxf6 {[%emt 0:00:05]} Bg7 {[%emt 0:00:01]} 10. Nxe4 {[%emt 0:00:01]} Re8 {[%emt 0:00:09]} 11. f3 {[%emt 0:00:02]} Bxd4 {[%emt 0:00:02]} 12. O-O-O {[%emt 0:00:03]} c5 {[%emt 0:00:37]} 13. c3 {[%emt 0:00:01]} Bf5 {[%emt 0:00:07]} 14. Nxc5 {[%emt 0:00:06]} Kc7 {[%emt 0:00:17]} 15. cxd4 {[%emt 0:00:06]} Nc6 {[%emt 0:00:07]} 16. Bb5 {[%emt 0:00:03]} Nb4 {[%emt 0:00:03]} 17. Bxe8 {[%emt 0:00:08]} Nxa2+ {[%emt 0:00:03]} 18. Kd2 {[%emt 0:00:01]} Rxe8 {[%emt 0:00:03]} 19. Nh3 {[%emt 0:00:13]} Nb4 {[%emt 0:00:07]} 20. g4 {[%emt 0:00:08]} Bc2 {[%emt 0:00:07]} 21. Rde1 {[%emt 0:00:24]} Rc8 {[%emt 0:00:38]} 22. Kc3 {[%emt 0:00:14]} a5 {[%emt 0:00:05]} 23. Re7+ {[%emt 0:00:04]} Kc6 {[%emt 0:00:12]} 24. Rxb7 {[%emt 0:00:10] Klasman resigns (Lag: Av=0.52s, max=1.0s)} 1-0

[Event "Stay Safe Play From Home 294"]
[Site "Emanuel Lasker Arena"]
[Date "2020.07.10"]
[Round "4"]
[White "Lazieri3"]
[Black "Position"]
[Result "1-0"]
[WhiteElo "2209"]
[BlackElo "2198"]
[Annotator "TA"]
[PlyCount "73"]
[EventDate "2020.07.10"]
[EventType "swiss (blitz)"]

{[%evp 12,73,-9,-17,-4,-6,-6,-19,-17,-31,-14,-35,-31,-58,-45,-47,-49,-50,-47,-53,-57,-103,-106,-93,-123,-105,-120,-110,-35,-51,-8,-14,-10,-19,0,3,259,259,361,297,12835,12835,12836,12822,29983,29984,29984,29983,29982,29976,12835,11974,29990,29981,29981,12834,29990,29991,29993,29994,29995,29996,29999,29997]} 1. e4 c5 2. Nc3 Nc6 3. d3 a6 4. Nf3 e6 5. Bf4 d6 6. Be2 Nf6 7. O-O e5 {B40: Sicilian: 2...e6, Unusual lines.} 8. Be3 Be7 9. h3 O-O {The position is equal.} 10. Nh2 {[#]} Nd4 $146 ({Predecessor:} 10... b5 11. a3 Be6 12. f4 exf4 13. Bxf4 d5 14. exd5 Nxd5 15. Nxd5 Bxd5 16. c4 Be6 17. Bf3 Rc8 {0-1 (32) Woelfer,W-Lebermann,H (2030) Bad Wildbad 2001}) 11. f4 b5 12. fxe5 dxe5 13. Ng4 Nxe2+ 14. Qxe2 Nxg4 15. hxg4 Be6 16. g5 Rc8 17. Qh5 b4 18. Ne2 c4 19. d4 exd4 (19... c3 $17 20. b3 exd4 21. Nxd4 Bc5) 20. Nxd4 $15 Bc5 21. c3 bxc3 22. bxc3 Bxd4 23. Bxd4 {Rf4 is the strong threat.} Qd7 $2 {[%mdl 8192] [#] A mistake that costs the game.} (23... Rb8 $11 {and Black is okay.}) 24. Rf4 $1 $18 Qb5 25. Rh4 {[%csl Gh4][%cal Rh5h7]} f6 $2 (25... h6 26. Bxg7 {[%mdl 64] Double Attack} Qxg5 27. Bxf8 (27. Bxh6 Qxh5 28. Rxh5 Rfe8 $16) 27... Qe3+ 28. Kh2 Kxf8 29. Qxh6+ Qxh6 30. Rxh6 Rc5 31. Rh8+ Kg7) 26. Qxh7+ Kf7 27. gxf6 Qg5 28. fxg7 Rg8 29. Rf1+ Ke8 30. Rhf4 Kd7 31. Rf8 Kc6 32. Rxc8+ Rxc8 {[#]} 33. Rf8 (33. Rf6 $142 $1 Kd6 34. e5+ Kd5 35. Rf8 Rb8 36. Rxb8 Qc1+ 37. Kh2 Qf4+ 38. Kh1) 33... Qc1+ 34. Kh2 {White mates.} Rc7 {[#]} 35. Qg6 $1 Kb7 36. Qxe6 {[%csl Gd4][%cal Re6b6]} Rxg7 37. Bxg7 {Accuracy: White = 80%, Black = 46%.} 1-0

[Event "Stay Safe Play From Home 294"]
[Site "Emanuel Lasker Arena"]
[Date "2020.07.10"]
[Round "4"]
[White "Don59as"]
[Black "Haxhi Baha"]
[Result "1-0"]
[WhiteElo "2002"]
[BlackElo "2073"]
[Annotator "NA"]
[PlyCount "127"]
[EventDate "2020.07.10"]
[EventType "swiss (blitz)"]

1. c4 {[%emt 0:00:12]} e5 {[%emt 0:00:06]} 2. Nc3 {[%emt 0:00:01]} c6 {[%emt 0:00:01]} 3. g3 {[%emt 0:00:01]} d6 {[%emt 0:00:01]} 4. e4 {[%emt 0:00:03]} Be7 {[%emt 0:00:01]} 5. Bg2 {[%emt 0:00:01]} Be6 {[%emt 0:00:01]} 6. b3 {[%emt 0:00:02]} Qd7 {[%emt 0:00:06]} 7. h3 {[%emt 0:00:01]} Nf6 {[%emt 0:00:02]} 8. Nge2 {[%emt 0:00:01]} Na6 {[%emt 0:00:02]} 9. d4 {[%emt 0:00:01]} exd4 {[%emt 0:00:01]} 10. Nxd4 {[%emt 0:00:00]} Nc7 {[%emt 0:00:07]} 11. f4 {[%emt 0:00:06]} Qc8 {[%emt 0:00:28]} 12. f5 {[%emt 0:00:09]} Bd7 {[%emt 0:00:02]} 13. O-O {[%emt 0:00:08]} O-O {[%emt 0:00:17]} 14. g4 {[%emt 0:00:03]} h6 {[%emt 0:00:06]} 15. Nf3 {[%emt 0:00:17]} Nh7 {[%emt 0:00:03]} 16. Bf4 {[%emt 0:00:05]} Ne8 {[%emt 0:00:21]} 17. Qd2 {[%emt 0:00:03]} Qc7 {[%emt 0:00:26]} 18. c5 {[%emt 0:00:05]} Rd8 {[%emt 0:00:02]} 19. cxd6 {[%emt 0:00:36]} Bxd6 {[%emt 0:00:27]} 20. e5 {[%emt 0:00:06]} Qb6+ {[%emt 0:00:09]} 21. Kh2 {[%emt 0:00:07]} Bb4 {[%emt 0:00:01]} 22. Qc2 {[%emt 0:00:10]} Nc7 {[%emt 0:00:31]} 23. Na4 {[%emt 0:00:07]} Qa5 {[%emt 0:00:01]} 24. a3 {[%emt 0:00:09]} Be7 {[%emt 0:00:03]} 25. b4 {[%emt 0:00:02]} Qb5 {[%emt 0:00:11]} 26. Nd4 {[%emt 0:00:11]} Qa6 {[%emt 0:00:06]} 27. Rf2 {[%emt 0:00:22]} Nd5 {[%emt 0:00:01]} 28. Bg3 {[%emt 0:00:03]} Bg5 {[%emt 0:00:06]} 29. Nc5 {[%emt 0:00:05]} Qb6 {[%emt 0:00:03]} 30. e6 {[%emt 0:00:04]} fxe6 {[%emt 0:00:02]} 31. fxe6 {[%emt 0:00:03]} Bc8 {[%emt 0:00:04]} 32. Bxd5 {[%emt 0:00:06]} Rxd5 {[%emt 0:00:01]} 33. Rxf8+ {[%emt 0:00:01]} Nxf8 {[%emt 0:00:01]} 34. Qe4 {[%emt 0:00:05]} Qd8 {[%emt 0:00:04]} 35. Nf5 {[%emt 0:00:11]} Bf6 {[%emt 0:00:02]} 36. Re1 {[%emt 0:00:03]} Be7 {[%emt 0:00:02]} 37. Re2 {[%emt 0:00:02]} Ng6 {[%emt 0:00:01]} 38. Nxh6+ {[%emt 0:00:01]} gxh6 {[%emt 0:00:01]} 39. Qxg6+ {[%emt 0:00:01]} Kf8 {[%emt 0:00:01]} 40. Qxh6+ {[%emt 0:00:01]} Kg8 {[%emt 0:00:01]} 41. Qg6+ {[%emt 0:00:01]} Kh8 {[%emt 0:00:01]} 42. Be5+ {[%emt 0:00:01]} Rxe5 {[%emt 0:00:00]} 43. Rxe5 {[%emt 0:00:01]} Qd6 {[%emt 0:00:00]} 44. Qe4 {[%emt 0:00:05]} Bf6 {[%emt 0:00:02]} 45. Nd3 {[%emt 0:00:01]} Bxe5+ {[%emt 0:00:01]} 46. Nxe5 {[%emt 0:00:01]} Bxe6 {[%emt 0:00:03]} 47. Kg2 {[%emt 0:00:05]} Bd5 {[%emt 0:00:01]} 48. Kf3 {[%emt 0:00:06]} Bxe4+ {[%emt 0:00:01]} 49. Kxe4 {[%emt 0:00:00]} Qd1 {[%emt 0:00:02]} 50. Nf3 {[%emt 0:00:03]} Qc2+ {[%emt 0:00:02]} 51. Kf4 {[%emt 0:00:01]} Qc4+ {[%emt 0:00:01]} 52. Kg5 {[%emt 0:00:02]} Qd5+ {[%emt 0:00:01]} 53. Kf4 {[%emt 0:00:01]} a5 {[%emt 0:00:00]} 54. bxa5 {[%emt 0:00:02]} Qxa5 {[%emt 0:00:00]} 55. g5 {[%emt 0:00:01]} Qxa3 {[%emt 0:00:02]} 56. h4 {[%emt 0:00:00]} Qd6+ {[%emt 0:00:01]} 57. Kf5 {[%emt 0:00:01]} c5 {[%emt 0:00:00]} 58. Ne5 {[%emt 0:00:01]} b5 {[%emt 0:00:00]} 59. Nf7+ {[%emt 0:00:01]} Kg7 {[%emt 0:00:00]} 60. Nxd6 {[%emt 0:00:01]} b4 {[%emt 0:00:00]} 61. Nc4 {[%emt 0:00:02]} b3 {[%emt 0:00:01]} 62. Ke5 {[%emt 0:00:01]} Kg6 {[%emt 0:00:01]} 63. Kd5 {[%emt 0:00:01]} Kh5 {[%emt 0:00:02]} 64. Kxc5 {[%emt 0:00:01] Haxhi Baha resigns (Lag: Av=1.20s, max=1.7s)} 1-0

[Event "Stay Safe Play From Home 294"]
[Site "Emanuel Lasker Arena"]
[Date "2020.07.10"]
[Round "4"]
[White "Patzeroglu"]
[Black "Bellbox"]
[Result "1-0"]
[WhiteElo "1924"]
[BlackElo "1931"]
[PlyCount "43"]
[EventDate "2020.07.10"]
[EventType "swiss (blitz)"]

1. e4 {[%emt 0:00:04]} e5 {[%emt 0:00:01]} 2. Nf3 {[%emt 0:00:06]} f5 {[%emt 0:00:01]} 3. d4 {[%emt 0:00:02]} fxe4 {[%emt 0:00:02]} 4. Nxe5 {[%emt 0:00:01]} Nf6 {[%emt 0:00:01]} 5. Be2 {[%emt 0:00:03]} d6 {[%emt 0:00:01]} 6. Nc4 {[%emt 0:00:01]} d5 {[%emt 0:00:03]} 7. Ne3 {[%emt 0:00:02]} Bd6 {[%emt 0:00:11]} 8. c4 {[%emt 0:00:07]} c6 {[%emt 0:00:01]} 9. Nc3 {[%emt 0:00:02]} Be6 {[%emt 0:00:12]} 10. Qb3 {[%emt 0:00:05]} Qb6 {[%emt 0:00:01]} 11. Qxb6 {[%emt 0:00:04]} axb6 {[%emt 0:00:01]} 12. O-O {[%emt 0:00:07]} O-O {[%emt 0:00:03]} 13. Bd2 {[%emt 0:00:08]} Nbd7 {[%emt 0:00:47]} 14. cxd5 {[%emt 0:00:02]} cxd5 {[%emt 0:00:01]} 15. Nb5 {[%emt 0:00:07]} Bf4 {[%emt 0:00:15]} 16. g3 {[%emt 0:00:07]} Bxe3 {[%emt 0:00:01]} 17. fxe3 {[%emt 0:00:08]} Bh3 {[%emt 0:00:03]} 18. Rfc1 {[%emt 0:00:07]} Rac8 {[%emt 0:00:32]} 19. Nd6 {[%emt 0:00:15]} Rc6 {[%emt 0:00:02]} 20. Bb4 {[%emt 0:00:11]} Rfc8 {[%emt 0:00:03]} 21. Nxc8 {[%emt 0:00:02]} Ng4 {[%emt 0:00:38]} 22. Ne7+ {[%emt 0:00:07] Bellbox resigns (Lag: Av=1.86s, max=3.1s)} 1-0

[Event "Stay Safe Play From Home 294"]
[Site "Emanuel Lasker Arena"]
[Date "2020.07.10"]
[Round "4"]
[White "Haris kollari 13"]
[Black "Grizzzly"]
[Result "1-0"]
[WhiteElo "1923"]
[BlackElo "1746"]
[Annotator "NA"]
[PlyCount "51"]
[EventDate "2020.07.10"]
[EventType "swiss (blitz)"]

1. e4 {[%emt 0:00:01]} c6 {[%emt 0:00:02]} 2. d4 {[%emt 0:00:01]} d5 {[%emt 0:00:03]} 3. e5 {[%emt 0:00:01]} Bf5 {[%emt 0:00:02]} 4. f4 {[%emt 0:00:01]} e6 {[%emt 0:00:06]} 5. Nf3 {[%emt 0:00:01]} c5 {[%emt 0:00:04]} 6. c3 {[%emt 0:00:01]} Nc6 {[%emt 0:00:04]} 7. Bd3 {[%emt 0:00:02]} Bxd3 {[%emt 0:00:03]} 8. Qxd3 {[%emt 0:00:01]} cxd4 {[%emt 0:00:01]} 9. cxd4 {[%emt 0:00:01]} Bb4+ {[%emt 0:00:01]} 10. Nc3 {[%emt 0:00:02]} Nge7 {[%emt 0:00:02]} 11. O-O {[%emt 0:00:11]} Qb6 {[%emt 0:00:11]} 12. a3 {[%emt 0:00:03]} Bxc3 {[%emt 0:00:15]} 13. bxc3 {[%emt 0:00:01]} O-O {[%emt 0:00:06]} 14. Rb1 {[%emt 0:00:04]} Qc7 {[%emt 0:00:03]} 15. g4 {[%emt 0:00:02]} f5 {[%emt 0:00:35]} 16. exf6 {[%emt 0:00:06]} Rxf6 {[%emt 0:00:02]} 17. Ng5 {[%emt 0:00:06]} Ng6 {[%emt 0:00:20]} 18. Nh3 {[%emt 0:00:09]} a6 {[%emt 0:00:32]} 19. Bd2 {[%emt 0:00:02]} b5 {[%emt 0:00:02]} 20. Rbe1 {[%emt 0:00:03]} Na5 {[%emt 0:00:03]} 21. Ng5 {[%emt 0:00:06]} Re8 {[%emt 0:00:10]} 22. h4 {[%emt 0:00:04]} h6 {[%emt 0:00:06]} 23. h5 {[%emt 0:00:42]} hxg5 {[%emt 0:00:10]} 24. hxg6 {[%emt 0:00:07]} gxf4 {[%emt 0:00:04]} 25. Re5 {[%emt 0:00:04]} Qxc3 {[%emt 0:00:16]} 26. Bxc3 {[%emt 0:00:02] Grizzzly gibt auf (Lag: Av=0.40s, max=0.5s)} 1-0

[Event "Stay Safe Play From Home 294"]
[Site "Emanuel Lasker Arena"]
[Date "2020.07.10"]
[Round "4"]
[White "Dukic"]
[Black "Maxe11"]
[Result "0-1"]
[WhiteElo "1871"]
[BlackElo "1736"]
[Annotator "NA"]
[PlyCount "38"]
[EventDate "2020.07.10"]
[EventType "swiss (blitz)"]

1. c4 {[%emt 0:00:11]} d5 {[%emt 0:00:04]} 2. cxd5 {[%emt 0:00:03]} Nf6 {[%emt 0:00:02]} 3. e4 {[%emt 0:00:05]} c6 {[%emt 0:00:25]} 4. Nc3 {[%emt 0:00:35]} cxd5 {[%emt 0:00:12]} 5. e5 {[%emt 0:00:52]} d4 {[%emt 0:00:11]} 6. Nce2 {[%emt 0:00:32]} Ng4 {[%emt 0:00:13]} 7. f4 {[%emt 0:00:07]} Bf5 {[%emt 0:00:05]} 8. Ng3 {[%emt 0:00:07]} Bd7 {[%emt 0:00:36]} 9. Nf3 {[%emt 0:00:08]} Nc6 {[%emt 0:00:02]} 10. Be2 {[%emt 0:00:12]} Qb6 {[%emt 0:00:08]} 11. Ng5 {[%emt 0:00:09]} Nh6 {[%emt 0:00:32]} 12. Bf3 {[%emt 0:00:16]} e6 {[%emt 0:00:03]} 13. O-O {[%emt 0:00:02]} O-O-O {[%emt 0:00:05]} 14. d3 {[%emt 0:00:01]} Kb8 {[%emt 0:00:02]} 15. a3 {[%emt 0:00:02]} f6 {[%emt 0:00:06]} 16. exf6 {[%emt 0:00:04]} gxf6 {[%emt 0:00:02]} 17. N5e4 {[%emt 0:00:01]} Bg7 {[%emt 0:00:05]} 18. b4 {[%emt 0:00:03]} e5 {[%emt 0:00:13]} 19. Nc5 {[%emt 0:00:03]} Bc8 {[%emt 0:00:12] . Zeit (Lag: Av=0.52s, max=1.2s)} 0-1